Chañarcillo
Saved in:
| Hovedforfatter: | |
|---|---|
| Format: | Bog |
| Sprog: | spansk |
| Udgivet: |
Santiago, Chile
Prensas de la Universidad de Chile
1937
|
| Fag: | |
| Tags: |
Tilføj Tag
Ingen Tags, Vær først til at tagge denne postø!
|
MARC
| LEADER | 00000nam a2200000 a 4500 | ||
|---|---|---|---|
| 001 | UCZ2324 | ||
| 003 | CL-VaPUC | ||
| 005 | 20210804001420.0 | ||
| 008 | 950928e19370000CL |||||||||||||||||spa|d | ||
| 999 | |c 238950 |d 238948 | ||
| 040 | |c Pontificia Universidad Católica de Valparaíso | ||
| 082 | 0 | 4 | |a 983.145 ROJ 1937 |2 21 |
| 100 | 0 | |a Rojas Carrasco, Guillermo |e author |9 346082 | |
| 245 | 1 | 0 | |a Chañarcillo |
| 260 | |a Santiago, Chile |b Prensas de la Universidad de Chile |c 1937 | ||
| 300 | |a 325 páginas | ||
| 583 | |a last modification |c 19950928 00:00:00 |k Rodrigo Vera | ||
| 650 | 0 | |a Historia |x CIUDADES |z CHAÑARCILLO |9 255047 | |
| 650 | 0 | |a Ciudades |z CHAÑARCILLO |z CHILE |9 265474 | |
| 852 | |a BIBCUR | ||
| 942 | |c BK |2 ddc | ||
| 945 | |d 19950928 00:00:00 |a awong | ||
| 952 | |0 0 |1 0 |2 ddc |4 0 |6 983_145000000000000_ROJ_1937 |7 0 |8 X |9 249654 |a BIBHIS |b BIBHIS |d 2019-11-18 |i 3137414 |o 983.145 ROJ 1937 |p 3137414 |r 2024-01-30 |t 1 |w 2019-11-18 |y BK_X |k HIS | ||